| 000 | 01333nam0a2200337 4500 | ||
|---|---|---|---|
| 001 | RU\NLR\BIBL_A\022828205 | ||
| 005 | 20260607130717.0 | ||
| 010 | _915000 | ||
| 035 | _a(NLR Aleph) 022828205 | ||
| 090 |
_a13727040 _c13727040 |
||
| 100 | _a20260604d1985 u y0rusy50 ca | ||
| 101 | 0 | _arus | |
| 102 | _aRU | ||
| 105 | _ay j 000yy | ||
| 181 | 0 |
_ai4 _baxxe |
|
| 182 | 0 | _an | |
| 200 | 1 |
_a"Линия Паасикиви - Кекконена": история, современность, перспективы _fЮ. Комиссаров |
|
| 203 |
_aТекст _bвизуальный _cнепосредственный |
||
| 210 |
_aМосква _cМеждународные отношения _d1985 |
||
| 215 |
_a174, [1] с. _d20 |
||
| 320 | _aБиблиогр. в примеч.: с. 168-173 | ||
| 607 |
_aФинляндия _xПолитика и управление _2nlr_sh1 _2nlr_sh2 _3RU\NLR\AUTH\661282882 |
||
| 686 | 1 | _aТ3(4Фн)63 | |
| 700 | 1 |
_aКомиссаров _bЮ. Д. _gЮрий Денисович |
|
| 702 | 1 |
_aПаасикиви _bЮ. К. _f1870-1956 _gЮхо Кусти _3RU\NLR\AUTH\770243561 _4280 |
|
| 702 | 1 |
_aКекконен _bУ. К. _f1900-1986 _gУрхо Калева _4280 |
|
| 852 |
_aNLR _j85-3/6588 |
||
| 942 | _cBOOK | ||
| 980 | _aNB | ||